| 000 | 01079cab a2200241 4500 | ||
|---|---|---|---|
| 001 | ABS55611 | ||
| 008 | 090401t1996 xxu||||| |||| 00| 0 eng d | ||
| 035 | _a(Sirsi) u17564 | ||
| 041 | _aeng | ||
| 100 | _aMabey, D. | ||
| 245 | _aResolving the problem of the R x J/S syndrome | ||
| 260 | _c1996 | ||
| 350 | _a0 | ||
| 490 |
_aCSM (Chartered Surveyor Monthly) _v5(10) July/August 1996, 40-41(2) |
||
| 520 | _aRecalls changes in the business rating system for splitting one property into two or more properties (or vice-versa), that resulted in the R x J/S formula. Summarises recent amendments under the Non-Domestic Rating (Chargeable Amounts) (Amendment) Regulations 1996 (SI 1996:911), that aim to solve problems arising when small units are split out of a large hereditament subject to downward phasing but having an RV allowance. | ||
| 650 | _aBUSINESS RATES | ||
| 650 | _aDOMESTIC RATING CHARGEABLE AMOUNTS AMENDMENT REGULATIONS 1996 | ||
| 650 | _aPHASING | ||
| 650 | _aRATEABLE VALUES | ||
| 690 | _aRATING AND VALUATION | ||
| 942 | _n0 | ||
| 948 | _c04/03/1997 | ||
| 999 |
_c11646 _d11646 |
||